Normal view
MARC view
- Magon, Pushpendra & Ashraf, Uzma
Entry Personal Name
001 - CONTROL NUMBER
- control field: 213163
003 - CONTROL NUMBER IDENTIFIER
- control field: OSt
005 - DATE AND TIME OF LATEST TRANSACTION
- control field: 20250917122353.0
008 - FIXED-LENGTH DATA ELEMENTS
- fixed length control field: 250917|| aca||aabn | a|a d
040 ## - CATALOGING SOURCE
- Original cataloging agency: OSt
- Transcribing agency: OSt
100 ## - HEADING--PERSONAL NAME
- Personal name: Magon, Pushpendra & Ashraf, Uzma
670 ## - SOURCE DATA FOUND
- Source citation: Work cat.: (OSt)367834: Magon, Pushpendra & Ashraf, Uzma , Child Health Nursing-II For B.Sc. Nursing Students (Semester - VI )